Sports Quiz

Random Sports or Football Quiz

NCAA Cardinal Direction Schools (FBS) Quiz Stats

 Plays Quiz Updated Sep 8, 2014

Challenge
Share
Tweet
Embed
Score 0/18 Timer 06:00
6 Plays Today
% Correct
North Carolina
92.4%
South Carolina
92.1%
East Carolina
82%
West Virginia
77.2%
South Florida
74.4%
Eastern Michigan
68.7%
Southern California
67.8%
Western Michigan
67.6%
North Texas
67.5%
% Correct
North Carolina State
61.4%
Western Kentucky
56.4%
Northern Illinois
55.9%
Northwestern
53.8%
Northwestern
53.8%
Southern Mississippi
52.3%
Georgia Southern
41.4%
South Alabama
33.8%
Southern Methodist
31.9%

You're not logged in!

Compare scores with friends on all Sporcle quizzes.
OR
Log In

You Might Also Like...

Show Comments

Extras

Top Quizzes Today


Score Distribution

Your Account Isn't Verified!

In order to create a playlist on Sporcle, you need to verify the email address you used during registration. Go to your Sporcle Settings to finish the process.

Report this User

Report this user for behavior that violates our Community Guidelines.

Details: